KOHA-Header-6

The Visual Basic. NET Style guide (Record no. 9446)

000 -LEADER
fixed length control field 00272nam a2200109Ia 4500
100 ## - MAIN ENTRY--AUTHOR NAME
Personal name Tim Patrick
245 #4 - TITLE STATEMENT
Title The Visual Basic. NET Style guide
260 ## - PUBLICATION, DISTRIBUTION, ETC. (IMPRINT)
Place of publication New Jersey
Name of publisher Thomson South
Year of publication 1987
300 ## - PHYSICAL DESCRIPTION
Number of Pages 384
942 ## - ADDED ENTRY ELEMENTS (KOHA)
Koha item type Books
Holdings
Withdrawn status Lost status Collection code Permanent Location Current Location Shelving location Date acquired Full call number Accession Number Koha item type
    Computer Science MAJU MAJU Shelf No.A16 2019-09-14 658.15 5196 Computer Science

Powered by Koha